Statistics for Fifa 20 Top 25 Austria Players

Click here to take the quiz!

General Stats

  • This quiz has been taken 33 times
  • The average score is 12 of 25

Answer Stats

RatingTeamPlayer% Correct
85Bayern MunichDavid Alaba
100%
82Shanghai SIPGMarko Arnautovic
93%
81RB LeipzigMarcel Sabitzer
81%
77RB LeipzigKonrad Laimer
70%
80Eintracht FrankfurtMartin Hinteregger
70%
77Borussia MonchengladbachStefan Lainer
67%
78Bayer LeverkusenJulian Baumgartlinger
63%
77Bayer LeverkusenAleksandar Dragovic
59%
77FC Schalke 04Alessandro Schopf
59%
75Newcastle UnitedValentino Lazaro
56%
77FC Schalke 04Guido Burgstaller
48%
78FC Schalke 04Michael Gregoritsch
48%
791899 HoffenheimFlorian Grillitsch
44%
74RB SalzburgAndreas Ulmer
41%
751. FC KolnFlorian Kainz
41%
75FSV Mainz 05Karim Onisiwo
41%
76VFL WolfsburgXaver Schlager
41%
75Hamburger SVLouis Schaub
33%
77RB SalzburgZlatko Junuzovic
33%
74RB LeipzigHannes Wolf
30%
75Hamburger SVMartin Harnik
30%
75Bayer LeverkusenRamazan Ozcan
22%
77Fortuna DusseldorfKevin Stoger
15%
75New York Red BullsDaniel Royer
11%
74Dinamo ZagrebEmir Dilaver
7%

Score Distribution

Percentile by Number Answered

Percent of People with Each Score

Your Score History

You have not taken this quiz